Educational for self-realisations and social service / (Record no. 185780)
[ view plain ]
| 000 -LEADER | |
|---|---|
| fixed length control field | 00617 a2200169 4500 |
| 003 - CONTROL NUMBER IDENTIFIER | |
| control field | NUST |
| 005 - DATE AND TIME OF LATEST TRANSACTION | |
| control field | 20230102140418.0 |
| 040 ## - CATALOGING SOURCE | |
| Transcribing agency | Nust |
| 082 ## - DEWEY DECIMAL CLASSIFICATION NUMBER | |
| Classification number | 370,WAT |
| 100 ## - MAIN ENTRY--PERSONAL NAME | |
| Personal name | Watts, Frank |
| 9 (RLIN) | 106647 |
| 245 ## - TITLE STATEMENT | |
| Title | Educational for self-realisations and social service / |
| Statement of responsibility, etc. | Frank Watts |
| 260 ## - PUBLICATION, DISTRIBUTION, ETC. | |
| Place of publication, distribution, etc. | London |
| Name of publisher, distributor, etc. | Universty press |
| Date of publication, distribution, etc. | 1920 |
| 300 ## - PHYSICAL DESCRIPTION | |
| Extent | 275, p: |
| 505 ## - FORMATTED CONTENTS NOTE | |
| Formatted contents note | Part 1:- The School the Scholar and the Social Order (Page-1), Modern Western Educational Theory (Page-69), The Phsiology of Child Development (Page-107). |
| 650 ## - SUBJECT ADDED ENTRY--TOPICAL TERM | |
| Topical term or geographic name entry element | Educational for self realtions and social service |
| 9 (RLIN) | 106648 |
| 942 ## - ADDED ENTRY ELEMENTS (KOHA) | |
| Source of classification or shelving scheme | |
| Koha item type | Book |
| Call number prefix | 370,WAT |
| Withdrawn status | Lost status | Source of classification or shelving scheme | Damaged status | Not for loan | Permanent Location | Current Location | Shelving location | Date acquired | Full call number | Barcode | Date last seen | Price effective from | Koha item type | Public note |
|---|---|---|---|---|---|---|---|---|---|---|---|---|---|---|
| Military College of Signals (MCS) | Military College of Signals (MCS) | General Stacks | 12/12/2016 | 370,WAT | MCS29630 | 12/08/2016 | 12/12/2016 | Book | Almirah No.54, Shelf No.1 |
